000
00205 a2200097 4500
001
40859
100
_a
Nasir Na
245
_a
Falsafa-e-Salaat
260
_a
Karachi
_b
Feroze sons
_c
090
_c
25120
_d
25120
942
_a
NUST-CAE
_c
M
_c
16804
999
_c
275932
_d
275932